Quiz « La déclaration d’amour » - Statistiques

Statistiques générales
  • Ce quiz a été pris 44 fois
  • Le résultat moyen est 20 sur 41
Statistiques - réponses
Paroles Paroles % Correct
__ déclaration ma
89%
__ déclaration ma
89%
___ _____________ une déclaration
75%
___ ___________ une déclaration
75%
Je rêve que je suis ____ ___ ____ dans tes bras
72%
Une ___________ déclaration
69%
Une ____________ déclaration
69%
__ ____________ ma déclaration
64%
__ ___________ ma déclaration
64%
Je pense à ___ toi
64%
Je rêve que je te fais ____ ___ tout bas
64%
Quand je suis seule et que __ ____ ______ je peux rêver
58%
Je t’aime quand tu n’es ___ __ pas là
58%
____ __ ____ mots de tous les jours deux ou trois
56%
Que tu es là ____ ____ __ moi tout près de
56%
_____ tout c’est
53%
__ ____ ___ je suis dans tes bras je rêve que
53%
Je t’aime quand je te _____ parle
53%
_____ _____ c’est tout
50%
Juste ____ __ _____ ____ ______ deux ou trois mots d’amour
50%
Deux ou trois mots __ ____ ___ ______ de tous les jours
47%
Je rêve que __ __ ____ tout bas je te fais
47%
Pour te _______ __ _____ parler de nous
47%
J’aime mieux mettre ____ __ ________ dans ma chanson
44%
______ ____ __ trois mots d’amour juste deux ou
44%
____ __ ______ de nous pour te parler
44%
_____ __ ____ ______ et que je peux rêver quand je suis seule
44%
Quand je suis seule et que __ ____ _________ je peux inventer
42%
Je peux _________ tout bas m’imaginer
42%
__ _________ tant mais je n’oserais pas je voudrais
39%
Je ne pourrais jamais __ ____ ____ __ te dire tout ça
39%
Je me sens ____ _____ tu es là bien quand
33%
Je t’aime quand tu es ____ __ ___ près de moi
31%
Je me ____ ____ quand tu es là sens bien
31%
Et que tu ________ pas n’écoutes
25%
Des _______ avec toi voyages
25%
Que tu ne ___ ____ dis rien
22%
__ _____ quand tu es triste je t’aime
22%
Des ______ avec toi images
19%
Je veux des __________ avec toi souvenirs
19%
Je t’aime quand tu ______ souris
17%
Aucun quiz correspondant
Distribution des résultats
% des personnes avec chaque résultat
Percentile par nombre de réponses
Votre historique - résultats
Vous n’avez pas pris ce quiz